Normal view
MARC view
- Lounsbury, John F.
Entry Personal Name
001 - CONTROL NUMBER
- control field: 7980
003 - CONTROL NUMBER IDENTIFIER
- control field: OSt
005 - DATE AND TIME OF LATEST TRANSACTION
- control field: 20170525091709.0
008 - FIXED-LENGTH DATA ELEMENTS
- fixed length control field: 170525|| aca||aabn | a|a d
040 ## - CATALOGING SOURCE
- Original cataloging agency: OSt
- Transcribing agency: OSt
100 ## - HEADING--PERSONAL NAME
- Personal name: Lounsbury, John F.
- Dates associated with a name: 1918
- Fuller form of name: (John Frederick),
670 ## - SOURCE DATA FOUND
- Source citation: Work cat.: (OSt): Lounsbury, John F. 1918 (John Frederick),, Introduction to geographic field methods and techniques, c1986

PORTAL AKMAL
E-MEL JKDM
AKMAL2U
G-BAM
u-PUSTAKA